000 00430nam a2200169Ia 4500
008 230711s9999||||xx |||||||||||||| ||und||
020 _a978-81-203-4898-1
041 _aENG
082 _a5.1
_bMA-F
100 _aMall,Rajib
245 0 _aFundamentals of software engineering
250 _a4th Ed.
260 _c2014
_aNew Delhi
_bPHI Learning Private Limited
300 _a534p.
650 _aComputer Engineering
942 _cBK
999 _c6027
_d6027